000 00668nam a22002297a 4500
003 UA-OsUOA
001 50998
007 ta
008 20140716b un ||||| |||| 00| 0 ukr d
100 _aВинар Б.
090 _a94(477)
_bВ48
942 _cBK
040 _aUA-OsUOA
_bukr
_cUA-OsUOA
_dUA-OsUOA
245 _aЕкономічний колоніялізм в Україні
300 _a186 с.
955 _a1
041 _aukr
080 _a94(477)
650 7 _a9 Географія. Біографії. Історія
_2UDC
999 _c431136
_d431136